| 000 | 00670nam a22002057a 4500 | ||
|---|---|---|---|
| 005 | 20251108165517.0 | ||
| 008 | 250721s1972 xx 000 0 ara d | ||
| 082 | 1 | 4 | _aم/413/أنس |
| 100 | 1 | _aالكرملي، أنستاس ماري | |
| 245 | 1 | 0 | _aالمساعد / |
| 264 | 1 |
_aبغداد : _bوزارة الإعلام - مديرية الثقافة العامة، _c1972. |
|
| 300 | _a2ج | ||
| 490 | 0 | _aسلسلة المعاجم ؛ 2 | |
| 650 | 1 | 7 | _aاللغة العربية |
| 650 | 1 | 7 | _aالقواميس |
| 700 | 1 |
_aعواد، كوركيس _eتحقيق |
|
| 700 | 1 |
_aالعلوجي، عبد الحميد _eتحقيق |
|
| 942 |
_2ddc _cREF |
||
| 999 |
_c29640 _d29640 |
||